000 01313cam a22003737a 4500
003 CHAP
005 20240507101448.0
008 040830d2004 mx ab r 00110 spa d
010 _a88757
011 _a89729
035 _a100280
040 _cCHAP
090 _aTesis
100 0 0 _aOlvera Alvarado, Flavia.
_983225
245 1 0 _aEvaluación técnica financiera de lisianthus (Eustoma grandiflorum Shinn.) para flor de corte bajo invernadero
_c/por Flavia Olvera Alvarado
260 _aChapingo, Méx. :
_bEl autor,
_c2004.
300 _a80 h. ;
_bilus. ; mapa
502 _aTesis (Ing. Agr. Esp. en Fitotecnia) -- UACH. Departamento de Fitotecnia
590 _aALEPH
_b10
_c20130110
590 _aBATCH-UPD
_b10
_c20130110
590 _aBATCH-UPD
_b10
_c20130410
590 _aBATCH-UPD
_b10
_c20130914
590 _aCONVERSION
_b10
_c20130109
650 1 4 _aCultivos en invernadero.
_930376
650 1 4 _aEustoma grandiflorum.
_938905
650 1 4 _aFinanzas
_xEvaluación.
_940940
650 1 4 _aFlores
_xCorte.
_941368
856 _uhttp://10.13.5.2/tesis/100280.pdf
_zDESCARGAR PDF
901 _aBK
905 _aMayto Villalobos Santana
942 _cFOLL
_2ddc
949 _aTesis
_bBC
_cTES
_d100280123
_eTS1
_h42387
_i100280
_sb
949 _aTesis
_bBC
_cTES
_d33724000927828
_eTS2
_fc.2
_h42388
_i100280
_si
999 _c88757
_d88757